| 000 | 00680nam a22002417a 4500 | ||
|---|---|---|---|
| 003 | URS | ||
| 005 | 20250828100514.0 | ||
| 008 | 250318b ||||| |||| 00| 0 eng d | ||
| 040 | _cURS | ||
| 050 |
_aHG4026 _b.T535 2014 |
||
| 100 |
_911354 _aTitman, Sheridan |
||
| 245 |
_aFinancial Management _bPrinciples and Applications |
||
| 250 | _a12th Edition | ||
| 264 |
_aUpper Saddle River _bPearson _c©2014 |
||
| 300 | _c28 cm. | ||
| 336 |
_2rdaconten _atext |
||
| 337 |
_2rdamedia _aunmediated |
||
| 338 |
_2rdacarrier _avolume |
||
| 650 | 0 |
_910050 _aBusiness enterprises -- Finance. |
|
| 700 |
_911355 _aKeown, Arthur J. |
||
| 700 |
_911356 _aMartin, John D. |
||
| 942 |
_2lcc _cR |
||
| 999 |
_c85039 _d85037 |
||